Statistics for Overwatch 2 Heroes and Abilities

Click here to take the quiz!

General Stats

  • This quiz has been taken 106 times
    (41 since last reset)
  • The average score is 109 of 250

Answer Stats

HintAnswer% Correct
TankD.va
79%
Ability 1Defense Matrix
71%
Ability 2Biotic Grenade
64%
UltimateB.O.B.
64%
Ability 2Boosters
64%
Ability 2Deflect
64%
UltimateDragonblade
64%
UltimateEarthshatter
64%
TankJunker Queen
64%
Ability 3Micro Missiles
64%
UltimateRampage
64%
TankReinhardt
64%
WeaponShuriken
64%
PassiveWall Climb
64%
TankWrecking Ball
64%
Ability 3Accretion
57%
UltimateAmplification Matrix
57%
SupportAna
57%
UltimateAnnihilation
57%
DamageAshe
57%
SupportBaptiste
57%
DamageBastion
57%
Ability 2Burrow
57%
Ultimate 2Call Mech
57%
Ability 3Carnage
57%
Ability 2Charge
57%
Ability 2Coach Gun
57%
UltimateCoalescence
57%
Ability 1Deploy Turret
57%
UltimateDragonstrike
57%
UltimateDuplicate
57%
Ability 1Dynamite
57%
DamageEcho
57%
UltimateEMP
57%
Ability 1Experimental Barrier
57%
Ability 3Fire Strike
57%
Ability 2Flight
57%
PassiveGlide
57%
UltimateGravitic Flux
57%
Ability 1Hack
57%
Ability 2Immortality Field
57%
UltimateInfra-Sight
57%
DamageJunkrat
57%
SupportKiriko
57%
SupportLifeweaver
57%
SupportMercy
57%
UltimateMeteor Strike
57%
SupportMoira
57%
UltimateMolten Core
57%
UltimateNano Boost
57%
Ability 2Orb of Discord
57%
Ability 1Orb of Harmony
57%
TankOrisa
57%
Ability 2Pig Pen
57%
UltimateRally
57%
TankRamattra
57%
Ability 2Recall
57%
Ability 1Sleep Dart
57%
DamageSojourn
57%
DamageSoldier: 76
57%
Ability 2Steel Trap
57%
Ability 2Storm Arrows
57%
UltimateTactical Visor
57%
Ability 2Teleporter
57%
DamageTorbjorn
57%
UltimateValkyrie
57%
Ability 2Venom Mine
57%
DamageVenture
57%
Ability 2Virus
57%
Ability 1Blink
50%
UltimateBlizzard
50%
SupportBrigitte
50%
UltimateCage Fight
50%
DamageCassidy
50%
UltimateDeath Blossom
50%
TankDoomfist
50%
PassiveEject!
50%
Ability 2Fade
50%
Ability 3Focusing Beam
50%
DamageGenji
50%
Ability 1Grappling Hook
50%
DamageHanzo
50%
Ability 2Healing Pylon
50%
Ability 1Helix Rockets
50%
Ability 2Ice Wall
50%
SupportIllari
50%
Ability 2Kinetic Grasp
50%
Weapon 2Kunai
50%
Ability 3Life Grip
50%
SupportLucio
50%
Ability 3Lunge
50%
TankMauga
50%
Ability 1Petal Platform
50%
DamagePharah
50%
Ability 1Power Slide
50%
UltimatePrimal Rage
50%
UltimatePulse Bomb
50%
DamageReaper
50%
Ability 2Resurrect
50%
TankRoadhog
50%
WeaponRocket Hammer
50%
Ability 3Rocket Punch
50%
WeaponScrap Gun
50%
Ultimate 1Self Destruct
50%
Ability 4Shield Bash
50%
TankSigma
50%
DamageSombra
50%
Ability 2Sprint
50%
Ability 1Sticky Bombs
50%
WeaponStorm Bow
50%
DamageSymmetra
50%
Ability 1Take a Breather
50%
UltimateTerra Surge
50%
WeaponThe Viper
50%
DamageTracer
50%
Ability 3Translocator
50%
UltimateTree of Life
50%
UltimateWhole Hog
50%
DamageWidowmaker
50%
TankWinston
50%
TankZarya
50%
SupportZenyatta
50%
Ability 1Biotic Orb
43%
WeaponBiotic Rifle
43%
Ability 2Block
43%
Ability 3Chain Hook
43%
Ability 2Commanding Shout
43%
Ability 1Concussion Mine
43%
PassiveCyber-Agility
43%
UltimateDeadeye
43%
Ability 1Drill Dash
43%
Ability 2Fortify
43%
Weapon 1Fusion Cannons
43%
UltimateGraviton Surge
43%
Ability 1Guardian Angel
43%
WeaponHeavy Pulse Rifle
43%
PassiveInspire
43%
UltimateKitsune Rush
43%
Ability 2Magnetic Grenade
43%
DamageMei
43%
UltimateMinefield
43%
Ability 3Nemesis Form
43%
WeaponOrb of Destruction
43%
UltimateOverclock
43%
Ability 1Overrun
43%
Ability 2Power Block
43%
WeaponRailgun
43%
WeaponRocket Launcher
43%
Ability 2Roll
43%
Ability 1Seismic Slam
43%
Ability 1Sentry Turret
43%
PassiveSnap Kick
43%
UltimateSound Barrier
43%
Ability 1Soundwave
43%
Ability 1Swift Step
43%
Ability 1Swift Strike
43%
PassiveTotal Mayhem
43%
UltimateTranscendence
43%
WeaponTri-shot
43%
PassiveWall Ride
43%
Ability 2Whip Shot
43%
WeaponWidow's Kiss
43%
Ability 3Amp it Up
36%
Passive 1Angelic Descent
36%
UltimateBarrage
36%
Ability 1Barrier Field
36%
Weapon 2Caduceus Blaster
36%
Weapon 1Caduceus Staff
36%
Ability 1Combat Roll
36%
UltimateConfiguration: Artillery
36%
Weapon 1Configuration: Recon
36%
Ability 2Crossfade
36%
PassiveEnergy
36%
Ability 1Energy Javelin
36%
Weapon 2Light Gun
36%
Ability 2Overload
36%
UltimatePhoton Barrier
36%
Ability 4Piledriver
36%
Ability 2Protection Suzu
36%
WeaponPulse Pistols
36%
WeaponQuad Cannons
36%
Ability 1Sonic Arrow
36%
PassiveStealth
36%
Ability 2Tactical Grenade
36%
WeaponTesla Cannon
36%
Ability 1Wraith Form
36%
Ability 3Adaptive Shield
29%
PassiveAdrenaline Rush
29%
Ability 3Barrier Shield
29%
WeaponBiotic Grasp
29%
UltimateCaptive Sun
29%
Ability 2Cardiac Overdrive
29%
Ability 1Cryo-Freeze
29%
PassiveExo Boots
29%
WeaponFrag Launcher
29%
WeaponFusion Driver
29%
Ability 1Grappling Claw
29%
WeaponHand Cannons
29%
Weapon 1Healing Blossom
29%
PassiveIronclad
29%
Ability 1Jagged Blade
29%
Ability 3Javelin Spin
29%
WeaponMachine Pistol
29%
Ability 1Outburst
29%
Ability 1Particle Barrier
29%
WeaponParticle Cannon
29%
WeaponPeacekeeper
29%
WeaponPhoton Projector
29%
Ability 2Projected Barrier
29%
Weapon 2Pummel
29%
Ability 4Ravenous Vortex
29%
Ability 1Regenerative Burst
29%
Ability 2Rejuvenating Dash
29%
Ability 1Repair Pack
29%
UltimateRIP-Tyre
29%
WeaponRocket Flail
29%
Ability 2Shadow Step
29%
WeaponSmart Excavator
29%
WeaponSolar Rifle
29%
UltimateTectonic Shock
29%
PassiveThe Reaping
29%
Weapon 2Thorn Volley
29%
Weapon 1Void Accelerator
29%
Ability 1Barrier Projector
21%
WeaponBiotic Launcher
21%
Ability 3Biotic Station
21%
Passive 1Clobber
21%
Ability 2Concussive Blast
21%
Weapon 2Configuration: Assault
21%
Ability 2Disruptor Shot
21%
WeeaponEndothermic Blaster
21%
Passive 2Explorer's Resolve
21%
Weapon 2Forge Hammer
21%
Weapon 1Healing Ufoda
21%
WeaponHellfire Shotguns
21%
WeaponHyperspheres
21%
Ability 1Jump Jet
21%
Ability 2Jump Pack
21%
Ability 1Reconfigure
21%
Weapon 1Rivet Gun
21%
WeaponScatter Gun
21%
WeaponSonic Amplifier
21%
Passive 2Sympathetic Recovery
21%
Ability 1Void Barrier
21%
PassiveBerserker
14%
PassiveHover Jets
14%
Weapon 1Incendiary Chaingun
14%
PassiveThe Best Defence...
14%
Weapon 2Volatile Chaingun
14%

Score Distribution

Percentile by Number Answered

Percent of People with Each Score

Your Score History

You have not taken this quiz since the last reset